<?xml version="1.0" encoding="UTF-8"?>
<record
    xmlns:xsi="http://www.w3.org/2001/XMLSchema-instance"
    xsi:schemaLocation="http://www.loc.gov/MARC21/slim http://www.loc.gov/standards/marcxml/schema/MARC21slim.xsd"
    xmlns="http://www.loc.gov/MARC21/slim">

  <leader>01369nam a22003137a 4500</leader>
  <controlfield tag="005">20150126155803.0</controlfield>
  <controlfield tag="008">040909s2003    gx a    r     00000 spa d</controlfield>
  <datafield tag="020" ind1=" " ind2=" ">
    <subfield code="a">344365004X</subfield>
  </datafield>
  <datafield tag="040" ind1=" " ind2=" ">
    <subfield code="a">CO-BoIAVH</subfield>
    <subfield code="c">CO-BoIAVH</subfield>
  </datafield>
  <datafield tag="041" ind1="0" ind2=" ">
    <subfield code="a">spa</subfield>
    <subfield code="a">eng</subfield>
  </datafield>
  <datafield tag="043" ind1=" " ind2=" ">
    <subfield code="a">s-ck---</subfield>
  </datafield>
  <datafield tag="082" ind1="0" ind2="4">
    <subfield code="a">574.5098</subfield>
    <subfield code="b">H224c2</subfield>
  </datafield>
  <datafield tag="245" ind1="0" ind2="3">
    <subfield code="a">La cordillera central colombiana : </subfield>
    <subfield code="b">transecto parque Los Nevados, &#xFA;ltima parte.</subfield>
  </datafield>
  <datafield tag="250" ind1=" " ind2=" ">
    <subfield code="a">Editores Thomas Van der Hammen, Alice G. Dos Santos.</subfield>
  </datafield>
  <datafield tag="260" ind1=" " ind2=" ">
    <subfield code="a">Berlin : </subfield>
    <subfield code="b">J. Cramer, </subfield>
    <subfield code="c">2003.</subfield>
  </datafield>
  <datafield tag="300" ind1=" " ind2=" ">
    <subfield code="a">545 p. : </subfield>
    <subfield code="b">il., mapas ;</subfield>
    <subfield code="c">25 cm. + </subfield>
    <subfield code="e">3 mapas pleg., cd-rom</subfield>
  </datafield>
  <datafield tag="490" ind1=" " ind2=" ">
    <subfield code="a">Studies on tropical andean ecosystems</subfield>
    <subfield code="v">5</subfield>
  </datafield>
  <datafield tag="500" ind1=" " ind2=" ">
    <subfield code="a">Incluye tres mapas y CD-Rom</subfield>
  </datafield>
  <datafield tag="504" ind1=" " ind2=" ">
    <subfield code="a">Incluye bibliograf&#xED;as.</subfield>
  </datafield>
  <datafield tag="546" ind1=" " ind2=" ">
    <subfield code="a">Texto biling&#xFC;e espa&#xF1;ol-ingl&#xE9;s.</subfield>
  </datafield>
  <datafield tag="650" ind1=" " ind2=" ">
    <subfield code="a">Ecosistemas</subfield>
    <subfield code="z"> Parque Nacional Natural de los Nevados (Colombia)</subfield>
    <subfield code="9">32119</subfield>
  </datafield>
  <datafield tag="650" ind1=" " ind2="6">
    <subfield code="a">Paleoecolog&#xED;a</subfield>
    <subfield code="z"> Parque Nacional Natural de los Nevados (Colombia)</subfield>
    <subfield code="9">32120</subfield>
  </datafield>
  <datafield tag="650" ind1=" " ind2="6">
    <subfield code="a">Suelos</subfield>
    <subfield code="x"> Investigaciones</subfield>
    <subfield code="z"> Parque Nacional Natural de los Nevados (Colombia)</subfield>
    <subfield code="9">32121</subfield>
  </datafield>
  <datafield tag="650" ind1=" " ind2="6">
    <subfield code="a">Comunidades de plantas</subfield>
    <subfield code="z"> Parque Nacional Natural de los Nevados (Colombia)</subfield>
    <subfield code="9">32122</subfield>
  </datafield>
  <datafield tag="650" ind1=" " ind2=" ">
    <subfield code="a">Geomorfolog&#xED;a</subfield>
    <subfield code="z"> Parque Nacional Natural de los Nevados (Colombia)</subfield>
    <subfield code="9">32123</subfield>
  </datafield>
  <datafield tag="700" ind1="1" ind2=" ">
    <subfield code="a">Van der Hammen, Thomas, </subfield>
    <subfield code="d">1924-, </subfield>
    <subfield code="e">ed.</subfield>
    <subfield code="9">32124</subfield>
  </datafield>
  <datafield tag="700" ind1="1" ind2=" ">
    <subfield code="a">Santos, Alice G. Dos, </subfield>
    <subfield code="e">ed.</subfield>
    <subfield code="9">32125</subfield>
  </datafield>
  <datafield tag="942" ind1=" " ind2=" ">
    <subfield code="2">ddc</subfield>
    <subfield code="c">BIBLIOGRAF</subfield>
  </datafield>
  <datafield tag="999" ind1=" " ind2=" ">
    <subfield code="c">7394</subfield>
    <subfield code="d">7394</subfield>
  </datafield>
  <datafield tag="952" ind1=" " ind2=" ">
    <subfield code="0">0</subfield>
    <subfield code="1">0</subfield>
    <subfield code="2">ddc</subfield>
    <subfield code="4">0</subfield>
    <subfield code="7">0</subfield>
    <subfield code="8">GENERAL</subfield>
    <subfield code="I">INV2017</subfield>
    <subfield code="a">Bogota</subfield>
    <subfield code="b">Bogota</subfield>
    <subfield code="d">2013-07-19</subfield>
    <subfield code="e">Instituto</subfield>
    <subfield code="g">50000.00</subfield>
    <subfield code="l">0</subfield>
    <subfield code="o">LB-574.5098 H224c2</subfield>
    <subfield code="p">028771</subfield>
    <subfield code="r">2013-07-19 00:00:00</subfield>
    <subfield code="t">V. 5 Ej. 1</subfield>
    <subfield code="w">2013-07-19</subfield>
    <subfield code="x">Donaci&#xF3;n</subfield>
    <subfield code="y">LIBRO</subfield>
  </datafield>
  <datafield tag="952" ind1=" " ind2=" ">
    <subfield code="0">0</subfield>
    <subfield code="1">0</subfield>
    <subfield code="2">ddc</subfield>
    <subfield code="4">0</subfield>
    <subfield code="7">0</subfield>
    <subfield code="8">GENERAL</subfield>
    <subfield code="I">INV2017</subfield>
    <subfield code="a">Venado</subfield>
    <subfield code="b">Venado</subfield>
    <subfield code="d">2014-09-18</subfield>
    <subfield code="e">Instituto</subfield>
    <subfield code="g">50000.00</subfield>
    <subfield code="l">0</subfield>
    <subfield code="o">LB-574.5098 H224c2</subfield>
    <subfield code="p">038183</subfield>
    <subfield code="r">2014-09-18 00:00:00</subfield>
    <subfield code="t">V. 5 Ej. 2</subfield>
    <subfield code="w">2014-09-18</subfield>
    <subfield code="x">Donaci&#xF3;n</subfield>
    <subfield code="y">LIBRO</subfield>
  </datafield>
  <datafield tag="952" ind1=" " ind2=" ">
    <subfield code="0">0</subfield>
    <subfield code="1">0</subfield>
    <subfield code="2">ddc</subfield>
    <subfield code="4">0</subfield>
    <subfield code="7">0</subfield>
    <subfield code="8">GENERAL</subfield>
    <subfield code="I">INV2017</subfield>
    <subfield code="a">Venado</subfield>
    <subfield code="b">Venado</subfield>
    <subfield code="d">2014-09-18</subfield>
    <subfield code="e">Instituto</subfield>
    <subfield code="g">50000.00</subfield>
    <subfield code="l">0</subfield>
    <subfield code="o">LB-574.5098 H224c2</subfield>
    <subfield code="p">038378</subfield>
    <subfield code="r">2014-09-18 00:00:00</subfield>
    <subfield code="t">V. 5 Ej. 3</subfield>
    <subfield code="w">2014-09-18</subfield>
    <subfield code="x">Donaci&#xF3;n</subfield>
    <subfield code="y">LIBRO</subfield>
  </datafield>
</record>
